000 nam a22 7a 4500
999 _c4700
_d235204
080 _a343.255.5 W 111
100 _4aut
_aWacker Schrder Federico
245 _aTorturas: entre las Ficciones y las agencias del Sistema penal
300 _a60 P.
500 _aDirector de tesis:
502 _aTesis (Especialización en Derecho Penal)--Universidad Nacional de Mar del Plata. Facultad de Derecho. Departamento de Posgrado, 2012.
504 _aTiene Bibliografía: P. 59 y 60.
650 _2IEDCYT
_atorturas
_aley 14.616
_aley 23.097
945 _acd
_d2018-02-27